000 00738nam a2200289Ia 4500
005 20260324141004.0
008 008 260324s9999 xx 000 0 eng d
020 _a9780429026720
037 _aEBOOK
040 _aCRL
040 _beng
040 _cCRL
041 _2eng
041 _aeng
084 _qCRL
100 _aElizabeth Brown; Roger Bullock; Michael Little; Caroline Hobson
_91206493
245 0 _aMaking Residential Care Work
245 0 _bStructure and Culture in Children's Homes
260 _bTaylor and Francis
260 _c1998
365 _a
365 _b150
856 _uhttp://www.taylorfrancis.com/books/9780429026720
942 _cEBOOK
999 _c1809122
_d1809122